=LDR 00000nam 2200000 4500 =001 INLIS000000000016390 =005 20130612111657 =008 ***********************************Ind** =035 ##$$0010-061300000016390 =041 ##$$a Ind =090 ##$$a 370.84, Aqi a =245 ##$$a Aqidah akhlak untuk madrasah Ibtidaiyah, Kurikulum 1994 sesuai GBPP MI, Editor, Muhaimin Ahmad =260 ##$$a 1996 $b Semarang =300 ##$$a ...jil., 21 cm =700 ##$$a Ahmad, Muhaimin =850 ##$$a NBPNMAT =990 ##$$a 0001/BPAP-NTB/2015 =990 ##$$a 1323813238 =990 ##$$a 1323913239 =990 ##$$a 131.974/Pro.98 =990 ##$$a 131.961/PRO98 =990 ##$$a 131.962/pro98 =990 ##$$a 131.965/pro98 =990 ##$$a 131.968/pro98 =990 ##$$a 131.969/pro98 =990 ##$$a 131.970/pro98 =990 ##$$a 131.976/pro98 =990 ##$$a 131.978/pro98 =990 ##$$a 131.958/pro98 =990 ##$$a 00035889 =990 ##$$a 00055195 =990 ##$$a 0001/BPAP-NTB/2015 =990 ##$$a 01201713238